000
00294nam a2200121Ia 4500
008
191201s2007 xx 000 0 und d
100
_a
GOLDBERG,David E
245
0
_a
3000 Solved Problems in Chemistry
260
_a
New Delhi
_b
TMH
_c
2007
300
_a
613
650
_a
Applied
942
_2
ddc
_c
BK
999
_c
6617
_d
6617